| 000 | 01307nam a22002297a 4500 | ||
|---|---|---|---|
| 999 |
_c61904 _d61904 |
||
| 003 | Ge_BSU | ||
| 005 | 20240606151038.0 | ||
| 008 | 240606s2001 ge ||||| |||| 00| 0 geo d | ||
| 020 | _a9992885106 | ||
| 041 | _ageo | ||
| 080 | _a61(479.223)(09)6+614.2(479.223)(09) ს-96 | ||
| 100 |
_aსურმანიძე, რამაზ. _922340 |
||
| 245 |
_aრეგიონული მედიცინის განვითარება საქართველოში : _b(აჭარის მაგალითზე...). წ. 1, [... უძველესი დროიდან 1945 წლამდე] / _c რამაზ სურმანიძე; [რედ.: აკაკი ბერიძე]. |
||
| 264 |
_aბათუმი : _bაჭარა, _c2001. |
||
| 300 |
_a426 გვ. : _b ილ. ; _c21 სმ. |
||
| 653 | _aქართული მედიცინის ისტორია | ||
| 653 | _aჯანმრთელობის დაცვა საქართველოში | ||
| 653 | _aჯანმრთელობის დაცვა აჯარაში | ||
| 653 | _aმედიცინა აჭარაში. | ||
| 700 |
_aბერიძე, აკაკი _eრედაქტორი. _917176 |
||
| 942 |
_2udc _cᲬᲘᲒᲜᲘ |
||